Statistics for Most catholic countries in Europe

Click here to take the quiz!

General Stats

  • This quiz has been taken 105 times
  • The average score is 20 of 22

Answer Stats

%Country% Correct
51,7%France
100%
ca. 90%Portugal
97%
28,9%Germany
96%
87%Poland
96%
68%Spain
96%
100%Vatican city
96%
85%Italy
95%
ca. 90%Andorra
93%
78,3%Ireland
93%
92,3%San Marino
93%
62%Slovakia
93%
86%Croatia
92%
57,24%Austria
91%
90%Monaco
91%
75%Belgium
89%
88,6%Malta
89%
57,8%Slovenia
89%
73,4%Liechtenstein
88%
39%Hungary
87%
68,7%Luxembourg
87%
35,9%Switzerland
81%
77%Lithuania
77%

Score Distribution

Percentile by Number Answered

Percent of People with Each Score

Your Score History

You have not taken this quiz